00774nam a22001935i 4500001000700000003000900007005001700016008004100033040002000074100002600094245013000120260006000250300002100310490004000331650003500371710003400406830004000440852010000480152903ES-MaACL20250728095142.0051018s1882 xxk | |||||||| ||eng d aCAM bspa cCAM1 aBuxton, Edward North.14aThe ABC of free trade b: an address delivered to the West Ham Liberal Association, March 6, 1882 / cby Edward North Buxton. aLondon [etc] : bCassell, Petter, Galpin & Co., c1882. a31 p. ; c18 cm.1 aWorks published for The Cobden Club 7aLiberalismo económico2embne2 aCobden Club (London, England)0 aWorks published for The Cobden Club aES-MaACLjT-1302-F-7 z-- Enc. hol., conservando la cub. original z-- Enc. en un vol. facticio